Azonosságainkról. {Despre identitatile noastre}. [On our identities]

Elmentve itt :
Bibliográfiai részletek
Szerző: KONRÁD György
Adatforrás:Meister
Forrásdokumentuma:A Hét. -
2001. 44, 5.
Nyelv:magyar
Kulcsszavak:filozófiai esszé
eseu filosofic
philosophical essay
nemzeti identitás
identitate nationala
national identity
LEADER 00530nab a2200181 i 4500
001 bibPRO00011963
008 080908s2001 xx hun
040 |a Sz1 
041 |a hun 
100 1 |a KONRÁD György 
245 1 0 |a Azonosságainkról. {Despre identitatile noastre}. [On our identities]  |c KONRÁD György 
695 |a filozófiai esszé 
695 |a eseu filosofic 
695 |a philosophical essay 
695 |a nemzeti identitás 
695 |a identitate nationala 
695 |a national identity 
773 0 |t A Hét. -  |g 2001. 44, 5.